[Event "Hessische EM 2010, D-Turnier"]
[Site "Bad Vilbel"]
[Date "2010.04.02"]
[Round "2"]
[White "Mattusch, Ralf"]
[Black "Gertz, Berthold"]
[Result "0-1"]
[WhiteElo "1574"]
[BlackElo "1953"]
[PlyCount "124"]
[EventDate "2010.??.??"]

1. d4 Nf6 2. c4 e6 3. Bg5 Be7 4. Nc3 d5 5. e3 O-O 6. Nf3 dxc4 7. Bxc4 a6 8. O-O
b5 9. Bd3 h6 10. Bh4 Bb7 11. Rc1 Nbd7 12. a3 Rc8 13. b4 Nh7 14. Bxe7 Qxe7 15.
Be4 c6 16. Bxh7+ Kxh7 17. Qc2+ Kg8 18. Ne4 Rfd8 19. Nc5 Nxc5 20. Qxc5 Qxc5 21.
Rxc5 f6 22. Rfc1 Ra8 23. a4 bxa4 24. Ra1 Rd5 25. Rxa4 Rad8 26. Raa5 g5 27. Kf1
g4 28. Nd2 Rxc5 29. Rxc5 Kf7 30. Nc4 Ba8 31. Nb6 Bb7 32. Ra5 Ke7 33. Na4 Rd5
34. Rxd5 cxd5 35. Nc5 Bc6 36. Ke1 Bb5 37. f4 gxf3 38. gxf3 e5 39. dxe5 fxe5 40.
Kf2 Kd6 41. f4 e4 42. Kg3 Be2 43. Nb3 Bh5 44. Nd4 Bg6 45. Kg4 Kc7 46. f5 Bf7
47. Kf4 Kd6 48. Nb3 Kc6 49. Ke5 Kb5 50. Nc5 a5 51. Kf6 Bh5 52. Ke6 Kc4 53. Kd6
axb4 54. f6 Bg6 55. Na4 b3 56. Nb6+ Kd3 57. Nxd5 Bf7 58. Nb4+ Kxe3 59. Ke7 Bc4
60. Kd6 b2 61. Nc2+ Kf2 62. Na3 Bg8 0-1

[Event "Hessische EM 2010, D-Turnier"]
[Site "Bad Vilbel"]
[Date "2010.04.02"]
[Round "2"]
[White "Koch, Thomas"]
[Black "Kuhnigk, Thomas"]
[Result "1-0"]
[WhiteElo "1567"]
[BlackElo "1680"]
[PlyCount "47"]
[EventDate "2010.??.??"]

1. e4 d5 2. exd5 Nf6 3. c4 e6 4. Nf3 exd5 5. cxd5 Nxd5 6. d4 Bb4+ 7. Bd2 Qe7+
8. Be2 O-O 9. O-O c6 10. Nc3 Nxc3 11. bxc3 Ba5 12. Re1 Bf5 13. Bd3 Qf6 14. Bxf5
Qxf5 15. Re5 Qf6 16. Rxa5 Nd7 17. Ne5 Nb6 18. Rb1 Rfd8 19. Qg4 Qe7 20. Re1 Qc7
21. Bh6 f6 22. Qe6+ Kf8 23. Ng4 Re8 24. Qxf6+ 1-0

[Event "Hessische EM 2010, D-Turnier"]
[Site "Bad Vilbel"]
[Date "2010.04.02"]
[Round "2"]
[White "El-Lawindy, Asem"]
[Black "Krischak, Werner"]
[Result "0-1"]
[WhiteElo "1533"]
[BlackElo "1827"]
[PlyCount "76"]
[EventDate "2010.??.??"]

1. d4 d5 2. Nf3 Nf6 3. e3 Bg4 4. Bd3 e6 5. Nbd2 Bd6 6. O-O O-O 7. Qe2 c5 8. c3
Nc6 9. dxc5 Bxc5 10. Bc2 e5 11. e4 d4 12. Nb3 Qb6 13. Nxc5 Qxc5 14. Bd2 Rad8
15. h3 Bh5 16. g4 Bg6 17. Bd3 Qd6 18. c4 Qe7 19. Nh4 Nd7 20. Nxg6 hxg6 21. f4
f6 22. f5 g5 23. h4 gxh4 24. Qh2 Kf7 25. Qxh4 Rh8 26. Qg3 Nc5 27. Kf2 Nxd3+ 28.
Qxd3 Rh2+ 29. Ke1 Rdh8 30. Kd1 R8h3 31. Rf3 Rh1+ 32. Be1 R3h2 33. Rf1 Rxf1 34.
Qxf1 Rxb2 35. a3 Qc7 36. c5 Na5 37. Bb4 Qc6 38. Bxa5 Qa4+ 0-1

[Event "Hessische EM 2010, D-Turnier"]
[Site "Bad Vilbel"]
[Date "2010.04.02"]
[Round "2"]
[White "Kilian, Peter"]
[Black "Kempf, Alexander"]
[Result "0-1"]
[WhiteElo "1663"]
[BlackElo "1793"]
[PlyCount "66"]
[EventDate "2010.??.??"]

1. d4 d5 2. c4 c6 3. cxd5 cxd5 4. Nc3 Nf6 5. Nf3 e6 6. Bg5 Bd6 7. e3 h6 8. Bh4
O-O 9. Bd3 Nbd7 10. O-O a6 11. Qc2 Qa5 12. Bxf6 Nxf6 13. Ne5 b5 14. a3 Bb7 15.
f4 Rac8 16. h3 Qb6 17. Qe2 Rc7 18. g4 Ne4 19. Bxe4 dxe4 20. h4 Bd5 21. Nxd5
exd5 22. g5 Rfc8 23. gxh6 Bxe5 24. h7+ Kh8 25. fxe5 Rc2 26. Qg4 R8c6 27. Kh1
Rg6 28. Qf4 Qe6 29. Qf5 Rgg2 30. Rf4 Rh2+ 31. Kg1 Rcg2+ 32. Kf1 Rxb2 33. Rc1
Rh1# 0-1

[Event "Hessische EM 2010, D-Turnier"]
[Site "Bad Vilbel"]
[Date "2010.04.02"]
[Round "2"]
[White "Schellen, Sven"]
[Black "Minarsch, Hans"]
[Result "0-1"]
[WhiteElo "1644"]
[BlackElo "1574"]
[PlyCount "64"]
[EventDate "2010.??.??"]

1. d4 b6 2. Bf4 Bb7 3. e3 e6 4. Nd2 Nf6 5. Ngf3 Be7 6. Bd3 d5 7. h3 Nbd7 8. O-O
Rc8 9. Re1 O-O 10. e4 dxe4 11. Nxe4 Nd5 12. Bd2 c5 13. Qe2 cxd4 14. Neg5 Nc5
15. Bxh7+ Kh8 16. Ne5 Bxg5 17. Qh5 Nf6 18. Bxg5 Nxh5 19. Bxd8 Rcxd8 20. Bd3 Nf4
21. Bf1 g6 22. g3 Nh5 23. Rad1 Kg7 24. Bg2 Rd6 25. Bxb7 Nxb7 26. b4 b5 27. Rd3
Nf6 28. Red1 Rfd8 29. Nf3 Nd5 30. a3 Nc3 31. R1d2 a6 32. Nxd4 Rxd4 0-1

[Event "Hessische EM 2010, D-Turnier"]
[Site "Bad Vilbel"]
[Date "2010.04.02"]
[Round "2"]
[White "Mulch, Till"]
[Black "Bachmann, Björn"]
[Result "1-0"]
[WhiteElo "1928"]
[BlackElo "1534"]
[PlyCount "73"]
[EventDate "2010.??.??"]

1. d4 d5 2. c4 e6 3. Nc3 Nf6 4. Bg5 Nbd7 5. e3 c6 6. cxd5 exd5 7. Bd3 h6 8. Bh4
Bd6 9. Nge2 O-O 10. Qc2 b6 11. f3 c5 12. g4 Be7 13. Bf2 Bb7 14. O-O-O Rc8 15.
Kb1 Ne8 16. h4 Nd6 17. g5 h5 18. Ng3 g6 19. Bxg6 cxd4 20. exd4 Nb5 21. Nge2 Bb4
22. Be1 fxg6 23. Qxg6+ Kh8 24. Qxh5+ Kg8 25. Nxb5 Bxe1 26. Rhxe1 Ba6 27. Nd6
Qe7 28. Nxc8 Rxc8 29. Nf4 Qg7 30. Ne6 Qe7 31. Nc5 Qf8 32. Qg6+ Kh8 33. Nxd7
Qxf3 34. Nf6 Rc1+ 35. Kxc1 Qf4+ 36. Kb1 Bd3+ 37. Rxd3 1-0

[Event "Hessische EM 2010, D-Turnier"]
[Site "Bad Vilbel"]
[Date "2010.04.02"]
[Round "2"]
[White "Bachmann, Nick"]
[Black "Voellinger, Florian"]
[Result "1/2-1/2"]
[WhiteElo "1675"]
[BlackElo "1534"]
[PlyCount "57"]
[EventDate "2010.??.??"]

1. e4 d5 2. exd5 Qxd5 3. Nc3 Qa5 4. Nf3 Nf6 5. d4 c6 6. Bc4 Bf5 7. O-O e6 8.
Bf4 Nbd7 9. a3 Be7 10. Qe2 O-O 11. Nd1 Rfe8 12. Bd2 Qc7 13. Ne3 Bg6 14. h3 Nb6
15. Ba5 Rad8 16. Rad1 Nfd5 17. Ne5 Bf6 18. Nxg6 hxg6 19. c3 Nf4 20. Qf3 e5 21.
d5 e4 22. Qg4 cxd5 23. Bxd5 Nd3 24. Bxe4 Nxb2 25. Bxb6 Qxb6 26. Rb1 Bxc3 27.
Nd5 Qd4 28. Nxc3 Qxc3 29. Bxb7 1/2-1/2

[Event "Hessische EM 2010, D-Turnier"]
[Site "Bad Vilbel"]
[Date "2010.04.02"]
[Round "2"]
[White "Rennhack, Peer"]
[Black "Lietz, Helmuth"]
[Result "1-0"]
[WhiteElo "1674"]
[BlackElo "1608"]
[PlyCount "33"]
[EventDate "2010.??.??"]

1. e4 e5 2. Nf3 Nc6 3. Bb5 Nge7 4. O-O a6 5. Ba4 d6 6. c3 Bd7 7. d4 exd4 8.
cxd4 Ng6 9. Nc3 Be7 10. Nd5 O-O 11. Bb3 Nh4 12. Nxe7+ Qxe7 13. Ng5 Ng6 14. Qh5
h6 15. Qxg6 hxg5 16. Bxg5 Qe8 17. Bf6 1-0

[Event "Hessische EM 2010, D-Turnier"]
[Site "Bad Vilbel"]
[Date "2010.04.02"]
[Round "2"]
[White "Traut, Stefan"]
[Black "Hagenberg, Hans-Joachim"]
[Result "1/2-1/2"]
[WhiteElo "1825"]
[BlackElo "1667"]
[PlyCount "126"]
[EventDate "2010.??.??"]

1. d4 d5 2. Nf3 Nf6 3. c4 c6 4. Qc2 g6 5. g3 Bf5 6. Qb3 Qb6 7. Qxb6 axb6 8.
Nbd2 e6 9. Bg2 Nbd7 10. O-O Bg7 11. b3 h6 12. Bb2 g5 13. Rfc1 O-O 14. a4 Rfe8
15. e3 Ne4 16. Nxe4 Bxe4 17. Nd2 Bxg2 18. Kxg2 f5 19. Rc2 Kf7 20. h3 h5 21. f3
Nf8 22. Rf1 Ng6 23. f4 g4 24. h4 Ne7 25. Rfc1 Ng8 26. Nb1 Bf8 27. Ba3 Bxa3 28.
Nxa3 Nf6 29. Nb1 dxc4 30. Rxc4 Nd5 31. Kf2 Ra5 32. Nd2 b5 33. axb5 Rxb5 34. Ra1
Nb4 35. Rc3 Nd5 36. Rc4 Rc8 37. Ra7 Kf6 38. Ke2 b6 39. Rc2 Ra5 40. Rxa5 bxa5
41. Rc5 Ra8 42. Rxc6 a4 43. bxa4 Rxa4 44. e4 fxe4 45. Nxe4+ Ke7 46. Rxe6+ Kxe6
47. Nc5+ Kf5 48. Nxa4 Ke4 49. Nc5+ Kxd4 50. Ne6+ Ke4 51. Ng7 Nf6 52. Ne6 Kd5
53. Nc7+ Kd4 54. Ne6+ Kd5 55. Nc7+ Kc6 56. Ne6 Ne4 57. Nd4+ Kd5 58. Nf5 Ke6 59.
Ng7+ Kf7 60. Nxh5 Kg6 61. Ke3 Nd6 62. Kd4 Kxh5 63. Ke5 Nf7+ 1/2-1/2

[Event "Hessische EM 2010, D-Turnier"]
[Site "Bad Vilbel"]
[Date "2010.04.02"]
[Round "2"]
[White "Brueckner, Ewald"]
[Black "Jordake, Michael"]
[Result "0-1"]
[WhiteElo "1546"]
[BlackElo "1643"]
[PlyCount "132"]
[EventDate "2010.??.??"]

1. f4 Nc6 2. Nf3 e6 3. e3 b6 4. Be2 Bb7 5. O-O Nf6 6. d4 Be7 7. c3 O-O 8. Ne5
d5 9. Bf3 Ne4 10. Nd2 Nxe5 11. fxe5 c6 12. Nxe4 dxe4 13. Bxe4 Qe8 14. Qc2 g6
15. Bd2 Rc8 16. a3 Ba6 17. Bd3 Bxd3 18. Qxd3 c5 19. Qe2 Qa4 20. Qf3 Bg5 21. Rf2
Qc2 22. Be1 Qd3 23. Re2 f6 24. e4 Qxf3 25. gxf3 fxe5 26. dxc5 bxc5 27. Kg2 Rfd8
28. h4 Bf4 29. Bf2 a6 30. Bg3 Rd3 31. Bxf4 exf4 32. Rf2 Rcd8 33. Kh3 h5 34. Rg1
Kf7 35. Rg5 Rc8 36. Kh2 c4 37. Rfg2 Rxf3 38. Rxg6 Ke7 39. Rh6 Rc5 40. Rg7+ Kd6
41. Kg2 Re3 42. Rg5 Rxg5+ 43. hxg5 Rg3+ 44. Kf2 Rxg5 45. Kf3 Ke5 46. Kf2 a5 47.
a4 Kxe4 48. Rxe6+ Kd3 49. Kf3 Rf5 50. Rb6 Kc2 51. Rb5 Rf8 52. Rxh5 Kxb2 53.
Rxa5 Kxc3 54. Rg5 Kb4 55. a5 c3 56. a6 c2 57. Rg1 Kb3 58. a7 Kb2 59. Rg6 c1=Q
60. Rb6+ Ka3 61. Ra6+ Kb4 62. Rb6+ Ka5 63. Rb8 Qe3+ 64. Kg2 f3+ 65. Kh1 Qe1+
66. Kh2 Qe5+ 0-1

[Event "Hessische EM 2010, D-Turnier"]
[Site "Bad Vilbel"]
[Date "2010.04.02"]
[Round "2"]
[White "Pelda, Jaromir"]
[Black "Rüll, Michael"]
[Result "1-0"]
[WhiteElo "1640"]
[BlackElo "1778"]
[PlyCount "75"]
[EventDate "2010.??.??"]

1. e4 c5 2. Nf3 Nc6 3. c3 Nf6 4. d3 g6 5. g3 Bg7 6. Bg2 O-O 7. O-O d6 8. h3 Rb8
9. Nbd2 Bd7 10. Qe1 b5 11. a3 a5 12. d4 b4 13. d5 Na7 14. c4 Nh5 15. a4 Nc8 16.
Rb1 Bxa4 17. b3 Bd7 18. Bb2 Nb6 19. Bxg7 Nxg7 20. e5 a4 21. Qe3 axb3 22. Rxb3
Qc8 23. Kh2 Qa6 24. Rc1 Ra8 25. g4 f6 26. exd6 exd6 27. Qe7 Ba4 28. Ra1 Nc8 29.
Qe3 Qb7 30. Rb2 Nb6 31. Rba2 Ra7 32. Nh4 Re8 33. Qh6 Qe7 34. f4 Qf8 35. g5 Ree7
36. gxf6 Qxf6 37. Ne4 Qd4 38. Nxd6 1-0

[Event "Hessische EM 2010, D-Turnier"]
[Site "Bad Vilbel"]
[Date "2010.04.02"]
[Round "2"]
[White "Becker, Natalie"]
[Black "Reichel, Günther"]
[Result "1/2-1/2"]
[WhiteElo "1795"]
[BlackElo "1730"]
[PlyCount "30"]
[EventDate "2010.??.??"]

1. c4 c5 2. Nc3 Nc6 3. g3 g6 4. Nf3 Bg7 5. Bg2 Nf6 6. O-O O-O 7. d3 d6 8. Rb1
Bf5 9. a3 a5 10. Bd2 Qd7 11. Re1 Rfd8 12. e4 Bg4 13. Ne2 Ne5 14. Nxe5 dxe5 15.
Bc3 Ne8 1/2-1/2

[Event "Hessische EM 2010, D-Turnier"]
[Site "Bad Vilbel"]
[Date "2010.04.02"]
[Round "2"]
[White "Struth, Jürgen"]
[Black "Babel, Dirk"]
[Result "1-0"]
[WhiteElo "1625"]
[BlackElo "1557"]
[PlyCount "64"]
[EventDate "2010.??.??"]

1. e4 e5 2. Nf3 f5 3. exf5 e4 4. Ne5 Nf6 5. Be2 g6 6. fxg6 hxg6 7. Nxg6 Rh6 8.
Nxf8 Kxf8 9. d4 Rg6 10. g3 d5 11. Nc3 Be6 12. Bh5 Bg4 13. Bxg4 Nxg4 14. h3 Nf6
15. Qe2 Nc6 16. Be3 Qe7 17. O-O-O Ke8 18. Qb5 Qd7 19. Bf4 Rb8 20. Qe2 Kf7 21.
g4 Rh8 22. f3 exf3 23. Qxf3 Ke8 24. Nb5 Nb4 25. Nxc7+ Kd8 26. a3 Nxc2 27. Kxc2
Ne4 28. Kb1 Rb6 29. Rhe1 Qc6 30. Nxd5 Qxd5 31. Qxe4 Qb3 32. Qe7+ Kc8 1-0

[Event "Hessische EM 2010, D-Turnier"]
[Site "Bad Vilbel"]
[Date "2010.04.02"]
[Round "2"]
[White "Bodensohn, Markus"]
[Black "Kalmann, Max"]
[Result "1/2-1/2"]
[WhiteElo "1616"]
[BlackElo "1531"]
[PlyCount "66"]
[EventDate "2010.??.??"]

1. c4 c5 2. Nc3 Nc6 3. g3 e5 4. Bg2 d6 5. d3 f5 6. e4 Nf6 7. Nge2 Be7 8. O-O
O-O 9. f4 g6 10. a3 Nd4 11. Nxd4 cxd4 12. Nd5 Nxd5 13. exd5 Bf6 14. Re1 Re8 15.
b3 Qc7 16. Ra2 Bd7 17. Rae2 Re7 18. h3 Rae8 19. Kh2 Bc8 20. Bd2 b6 21. a4 Kg7
22. Bb4 a5 23. fxe5 Bxe5 24. Bd2 Kf6 25. Bf4 g5 26. Bxe5+ dxe5 27. Rf2 Kg6 28.
Qd2 Qd6 29. Ref1 Bd7 30. Qd1 Rf8 31. Qf3 Ref7 32. Qe2 h5 33. Re1 Re7 1/2-1/2

[Event "Hessische EM 2010, D-Turnier"]
[Site "Bad Vilbel"]
[Date "2010.04.02"]
[Round "2"]
[White "Bender, Sebastian"]
[Black "Sendinc, Burhanettin"]
[Result "1-0"]
[WhiteElo "1871"]
[BlackElo "1511"]
[PlyCount "89"]
[EventDate "2010.??.??"]

1. e4 c5 2. Nf3 Nc6 3. d4 cxd4 4. Nxd4 g6 5. Be3 Bg7 6. Nc3 d6 7. Bc4 Nf6 8. f3
a6 9. Qd2 O-O 10. O-O-O Na5 11. Bb3 e5 12. Nde2 Nxb3+ 13. axb3 Qa5 14. Qxd6
Qa1+ 15. Nb1 Be6 16. Qa3 Qxa3 17. bxa3 Rfc8 18. Kb2 Rc6 19. Rd2 Rac8 20. c4 b5
21. c5 Nd7 22. b4 f5 23. Rhd1 fxe4 24. fxe4 Nf6 25. Nbc3 Ng4 26. Bg1 Bh6 27.
Rd8+ Rxd8 28. Rxd8+ Kg7 29. Nd1 Nf6 30. Nec3 Bg5 31. Ra8 Nd7 32. Ne3 Nxc5 33.
bxc5 Rxc5 34. Nf5+ gxf5 35. Bxc5 f4 36. Rxa6 Bc4 37. Ra7+ Kh6 38. Bf8+ Kg6 39.
Rg7+ Kf6 40. Nd5+ Bxd5 41. exd5 e4 42. Be7+ Kxg7 43. Bxg5 f3 44. gxf3 exf3 45.
Bh4 1-0

[Event "Hessische EM 2010, D-Turnier"]
[Site "Bad Vilbel"]
[Date "2010.04.02"]
[Round "2"]
[White "Jöckel, Thomas"]
[Black "Hastenrath, Teja"]
[Result "1/2-1/2"]
[WhiteElo "1613"]
[BlackElo "1674"]
[PlyCount "72"]
[EventDate "2010.??.??"]

1. e4 e6 2. d4 d5 3. Nc3 Bb4 4. e5 c5 5. a3 Bxc3+ 6. bxc3 Nc6 7. Nf3 Nge7 8.
Bg5 Qc7 9. Bd3 h6 10. Bh4 Bd7 11. O-O Nf5 12. Bxf5 exf5 13. Bg3 Be6 14. h4 Kd7
15. Re1 Na5 16. Qb1 a6 17. Bf4 Rac8 18. Ra2 Nc4 19. Nd2 cxd4 20. cxd4 Rcg8 21.
Nxc4 dxc4 22. Rb2 Kc8 23. h5 g6 24. hxg6 Rxg6 25. c3 Rhg8 26. f3 Qe7 27. Ree2
h5 28. Red2 Qd7 29. Rb6 Bd5 30. Rxg6 Rxg6 31. Qb4 Rg8 32. Qc5+ Kd8 33. Qb6+ Ke8
34. Kf2 Rg6 35. Qc5 Rc6 36. Qb4 Rg6 1/2-1/2

[Event "Hessische EM 2010, D-Turnier"]
[Site "Bad Vilbel"]
[Date "2010.04.02"]
[Round "2"]
[White "Reichel, Rolf"]
[Black "Schmöckel, Guido"]
[Result "1-0"]
[WhiteElo "1669"]
[BlackElo "1623"]
[PlyCount "34"]
[EventDate "2010.??.??"]

1. e4 c6 2. d4 d5 3. e5 Bf5 4. Be3 e6 5. Nc3 Bb4 6. Bd3 Bxd3 7. Qxd3 Ne7 8.
O-O-O Qa5 9. Nge2 Nd7 10. a3 Bxc3 11. Nxc3 Nf5 12. Bd2 Qc7 13. g4 Ne7 14. f4
O-O-O 15. f5 Nb6 16. b3 c5 17. Nb5 Qc6 1-0

[Event "Hessische EM 2010, D-Turnier"]
[Site "Bad Vilbel"]
[Date "2010.04.02"]
[Round "2"]
[White "Stoll, Ulrich"]
[Black "Koch, Norbert"]
[Result "1-0"]
[WhiteElo "1609"]
[BlackElo "1662"]
[PlyCount "85"]
[EventDate "2010.??.??"]

1. e4 e6 2. d3 d5 3. Nd2 c5 4. g3 Nc6 5. Bg2 Be7 6. Ngf3 Nf6 7. O-O O-O 8. Re1
Qc7 9. Nf1 d4 10. e5 Nd7 11. Bf4 Re8 12. h4 Nf8 13. h5 Qd8 14. N1h2 f6 15. exf6
Bxf6 16. Ng4 e5 17. Ngxe5 Nxe5 18. Nxe5 Ne6 19. Bd2 Qc7 20. Ng4 Bd7 21. Nxf6+
gxf6 22. Qf3 Qd8 23. b3 Rb8 24. Qg4+ Kh8 25. Qd1 Qc7 26. Qf3 Qd8 27. Bf4 Rc8
28. g4 Rg8 29. Bg3 Bc6 30. Qf5 Ng5 31. f3 Bd7 32. Qd5 Rg7 33. Re2 Qf8 34. Bd6
Qd8 35. Rae1 Bc6 36. Qxc5 Bxf3 37. Re8+ Qxe8 38. Rxe8+ Rxe8 39. Bxf3 Nxf3+ 40.
Kf2 Ne5 41. Qxd4 Rxg4 42. Qxa7 Rf4+ 43. Kg3 1-0

[Event "Hessische EM 2010, D-Turnier"]
[Site "Bad Vilbel"]
[Date "2010.04.02"]
[Round "2"]
[White "Hahlbeck, Sven"]
[Black "Boethelt, Klaus-Dieter"]
[Result "1-0"]
[WhiteElo "1887"]
[BlackElo "1581"]
[PlyCount "103"]
[EventDate "2010.??.??"]

1. d4 d5 2. Nf3 e6 3. g3 c5 4. Bg2 Nc6 5. O-O cxd4 6. Nxd4 Nxd4 7. Qxd4 Nf6 8.
c4 Be7 9. Nc3 dxc4 10. Qxc4 O-O 11. Rd1 Qb6 12. Na4 Qb4 13. Qxb4 Bxb4 14. Be3
Ng4 15. Bc5 Bxc5 16. Nxc5 Rb8 17. Nd7 Bxd7 18. Rxd7 Nf6 19. Rxb7 Rxb7 20. Bxb7
Rb8 21. Rc1 Kf8 22. Rc8+ Rxc8 23. Bxc8 Ke7 24. Bb7 Kd6 25. f3 Nd7 26. Kf2 Nc5
27. Be4 Na4 28. b3 Nc3 29. a3 Nb5 30. a4 Nc3 31. Ke3 Kc5 32. Kd3 Kb4 33. Bxh7
Kxb3 34. a5 Nb5 35. Be4 Kb4 36. a6 Kc5 37. h4 Nd6 38. g4 Ne8 39. g5 Kd6 40. h5
f5 41. Bb7 Kd7 42. Kd4 Kd6 43. f4 Kd7 44. Kc5 Nd6 45. Bf3 Nf7 46. Bc6+ Kc7 47.
Be8 Nd6 48. Bg6 Kd7 49. h6 Ne4+ 50. Kd4 gxh6 51. gxh6 Ke7 52. h7 1-0

[Event "Hessische EM 2010, D-Turnier"]
[Site "Bad Vilbel"]
[Date "2010.04.02"]
[Round "2"]
[White "Falkenhainer, Sven"]
[Black "Noblé, Daniel"]
[Result "1/2-1/2"]
[WhiteElo "1595"]
[BlackElo "1647"]
[PlyCount "79"]
[EventDate "2010.??.??"]

1. e4 e6 2. d4 d5 3. exd5 exd5 4. Nf3 Bd6 5. c3 Ne7 6. Bd3 Bg4 7. O-O c6 8. Be3
Qc7 9. h3 Bh5 10. Nbd2 O-O 11. Nb3 Nd7 12. Bxh7+ Kxh7 13. Ng5+ Kg6 14. Qd3+ f5
15. g4 Rf6 16. gxh5+ Kxh5 17. f4 Kh6 18. Qe2 Rh8 19. Qf2 g6 20. Nc5 Nf8 21. Nd3
Kg7 22. Ne5 Ne6 23. Nef7 Nxg5 24. Nxg5 Qd7 25. Rae1 Nc8 26. Re2 Be7 27. Bd2 Nd6
28. Kg2 Ne4 29. Nxe4 dxe4 30. Rh1 Qd5 31. Be3 Qxa2 32. h4 Rh5 33. Rd2 Rf8 34.
d5 cxd5 35. Bxa7 Rfh8 36. Bd4+ Bf6 37. Bxf6+ Kxf6 38. Qb6+ Kg7 39. Qxb7+ Kh6
40. Rxd5 1/2-1/2

[Event "Hessische EM 2010, D-Turnier"]
[Site "Bad Vilbel"]
[Date "2010.04.02"]
[Round "2"]
[White "Becker, Peter"]
[Black "Tautz, Jonas"]
[Result "1-0"]
[WhiteElo "1952"]
[BlackElo "1564"]
[PlyCount "71"]
[EventDate "2010.??.??"]

1. f4 d5 2. Nf3 Nc6 3. d3 g6 4. g3 Bg7 5. Bg2 Nf6 6. O-O O-O 7. Qe1 Re8 8. c3
Bf5 9. Nbd2 e5 10. fxe5 Nxe5 11. Nd4 Bd7 12. e4 Nxd3 13. Qe2 Nc5 14. e5 Nfe4
15. Nxe4 dxe4 16. Qc4 Ne6 17. Bxe4 Rb8 18. Bf4 Nxd4 19. cxd4 c6 20. Be3 Be6 21.
Qd3 Bd5 22. Rac1 Bxe4 23. Qxe4 f6 24. Qf3 fxe5 25. Qf7+ Kh8 26. dxe5 Rf8 27.
Qe6 a6 28. Rxf8+ Qxf8 29. Bc5 Qe8 30. Be7 Rd8 31. Rf1 Rd5 32. Rf8+ Qxf8 33.
Bxf8 Bxf8 34. Qe8 Kg8 35. e6 Re5 36. Qf7+ 1-0

[Event "Hessische EM 2010, D-Turnier"]
[Site "Bad Vilbel"]
[Date "2010.04.02"]
[Round "2"]
[White "Martens, Nick"]
[Black "Riha, Peter"]
[Result "1-0"]
[WhiteElo "1506"]
[BlackElo "1821"]
[PlyCount "89"]
[EventDate "2010.??.??"]

1. f4 d5 2. Nf3 Nf6 3. b3 Bg4 4. e3 e6 5. Bb2 Nbd7 6. h3 Bxf3 7. Qxf3 Bd6 8.
Nc3 c6 9. a3 Qc7 10. Bd3 e5 11. fxe5 Nxe5 12. Qf1 Nxd3+ 13. Qxd3 Bg3+ 14. Ke2
O-O-O 15. Raf1 Be5 16. Qf5+ Kb8 17. Nb5 cxb5 18. Bxe5 Rd6 19. Bxd6 Qxd6 20. Qf4
Kc7 21. Qxd6+ Kxd6 22. g4 Ne4 23. Rhg1 f6 24. b4 Ng5 25. h4 Ne6 26. Rf5 Re8 27.
c3 a6 28. g5 fxg5 29. hxg5 d4 30. Kd3 dxe3 31. dxe3 Rf8 32. Rgf1 Rxf5 33. Rxf5
g6 34. Rf7 Nxg5 35. Rxb7 Kc6 36. Rg7 Kd5 37. Ra7 Ne4 38. Rxh7 g5 39. Rd7+ Ke6
40. Ra7 Kf5 41. Rxa6 g4 42. Rb6 g3 43. Rxb5+ Kg4 44. Kxe4 g2 45. Rb8 1-0